| 000 | 005190000a22001930004500 | ||
|---|---|---|---|
| 003 | LK-CoMWRAF | ||
| 008 | 230817t ||||| |||| 00| 0 eng d | ||
| 040 |
_aLK-CoMWRAF _dLK-CoMWRAF _eLK-CoMWRAF |
||
| 041 | _aeng | ||
| 082 |
_a263 _bARI |
||
| 100 | _aAli, Shaheen Sardar | ||
| 100 | _aArif, Kamran | ||
| 245 |
_aWomen & law country project Pakistan _btrends of the superior courts |
||
| 260 |
_aLahore _bShirkat gah _c1992 |
||
| 300 | _ap.31 | ||
| 490 | _aworking paper No.3 | ||
| 650 | _aWomen & law | ||
| 942 | _cBK | ||
| 999 |
_c2180 _d2180 |
||